000 00531nam a22001817a 4500
999 _c20908
_d20908
003 BDDh-ASL
005 20231015025940.0
008 210116s1987 e ||||| |||| 00| 0 eng d
040 _cBDDh-ASL
082 _a301
_bARA
100 1 _92779
_aArnold, Jeanne E.
245 1 0 _aCraft Specialization in the Prehistoric Channel Islamds, California /
260 _aLondon:
_bUniversity of California Press,
_c1987.
300 _a278 p.:
_c26 cm.
650 0 _91564
_aAnthropology
650 0 _92391
_aSocial Science
942 _2ddc
_cBK